000 00664nam a2200265Ia 4500
005 20260121172307.0
008 008 260114s9999 xx 000 0 eng d
020 _a9783030593964
037 _aEBOOK
040 _aCRL
040 _beng
040 _cCRL
041 _2eng
041 _aeng
084 _qCRL
100 _aGildas Tanguy, Jean-Michel Eymeri-Douzans
_91086658
245 0 _aPrefects, Governors and Commissioners
260 _bSpringer
260 _bSpringer
260 _c2021
856 _uhttps://link.springer.com/openurl?genre=book&isbn=978-3-030-59396-4
942 _cEBOOK
999 _c1652395
_d1652395